01546nam a2200241 i 450000100060000000300090000600500170001500700030003200800410003524501390007626000440021530000300025949000300028950505680031960000780088760000820096560000320104770000290107983000380110885200210114699900170116795201200118460596ES-MaACL20230906164251.0t|031105s1934 fr a |||| | fre d00aEssais sur Kierkegaard, Pétrarque, Goethe b: religion et philosophie, musique et poesie, dessins / c[Theodor Haecker... [et al.]]. aParis : bDesclée de Brouwer, c1934. a326 p. : bil. ; c21 cm.1 aCourrier des îles ; v48 aContiene: Haecker, Theodor. La notion de la vérité chez Sören Kierkegaard (trad par Jean Chuzeville). - Maritain. Raïssa. Douceur du monde. Procession. - Schloezer, B. de. Arthur Lourié. - Saint Jean Climaque. Pensées (trad. par Théodore Strawinsky)--Carrouges, Jean. Voie lactée. L'ancien continent. La feinte alternative. Les journaliers. - Gandillae, Maurice de. Pétrarque et son démon. - Seuphor, Michel. Informations. - Rama Krishna. De la piété vaïshnava. - Du Bos, Charies. Le dernier amour de Goethe et l'"Élégie de Marienbad14aKierkegaard, Søren (d1813-1855)-xCrítica e interpretación.916602214aGoethe, Johann Wolfgang von,d1749-1832-xCrítica e interpretación95757114aPetrarca, Francesco.9915281 aHaecker, Theodor.9614190 aCourrier des îles ; v49230567 aES-MaACLjA-2694 c60596d60596 00104070aATENEOMbATENEOMcSPP1d2008-01-17eSCl0oA-2694p1063552r2023-02-23 00:00:00w2023-02-23yMONOGRAFIA